| 000 | 02089cam a22004694i 4500 | ||
|---|---|---|---|
| 003 | PE-LiUPU | ||
| 005 | 20250731184547.0 | ||
| 008 | 150616s r 000 0 d | ||
| 035 | _a(Sirsi) a3230 | ||
| 040 |
_aPE-LiUPU _bspa _cPE-LiUPU _erda |
||
| 049 | _aPRUA | ||
| 082 | 0 | 4 |
_a918 _bD41 _221 |
| 100 | 1 |
_aDiego de Ocaña, (Jer.), _eautor. |
|
| 245 | 1 | 3 |
_aUn viaje fascinante por la América del siglo XVI / _cFray Diego de Ocaña (1599-1606) Fray Arturo Alvarez (1966-1968). |
| 264 | 1 |
_aMadrid : _bStudium, _c1969. |
|
| 300 |
_a487 páginas : _bilustraciones láms ; _c21 cm. |
||
| 336 |
_atext _2rdacontent |
||
| 337 |
_aunmediated _2rdamedia |
||
| 338 |
_avolume _2rdacarrier |
||
| 505 | 0 | _aParten de Guadalupe los padres Posada y Ocaña -- Cómo partió la armada de Puerto Rica y se dividió -- Cómo partió la armada de Catagena a Portobelo -- Regresando de Chilóe, vese el padre Ocaña envuelto en una sublebación de indios araucanos y huye, atravesando los Andes a la altura de Osorno -- Describe fray Ocaña las tierras que atravesó hasta llegar a Buenos Aires -- Camino desde Tucumán hasta la ciudad imperial de Potosí -- Cuenta el padre Ocaña su llegada a potosí y cómo pintó una imagen de Guadalupe a la que se le dedicaron solemnes fiestas. | |
| 526 | _aP136 | ||
| 526 | _aP135 | ||
| 526 | _aP134 | ||
| 526 | _aP133 | ||
| 526 | _aP144 | ||
| 526 | _aP143 | ||
| 526 | _aP87 | ||
| 526 | _aP35 | ||
| 526 | _aP20 | ||
| 526 | _aP14 | ||
| 526 | _aP10 | ||
| 526 | _aP06 | ||
| 651 | 7 |
_aAmérica española _xDescripción. _2embne |
|
| 700 | 1 |
_aÁlvarez, Arturo, _d1928- |
|
| 910 |
_ajck _bjvq _cjck |
||
| 942 |
_2ddc _cBOOK |
||
| 949 |
_a918 D41 _wDEWEY _c1 _i12211 _lCCODEBUL1 _mBUL _p00.00 _r0 _sY _tBOOK _u19930823 _xEDUCACION _PP20 _0COMPRA _o.STAFF. Colección General |
||
| 994 |
_aC0 _bPEPRU |
||
| 596 | _a1 | ||
| 999 |
_a918 D41 _wDEWEY _c39937 _i12211 _f2021-11-8 _g5 _lCCODEBUL1 _mBUL _r0 _sY _tBOOK _u2015-6-16 _xBIBLIOTECA _PP20 _0COMPRA _o.STAFF. Colección General _d39937 |
||
| 980 |
_81 _gALBERTO SANCHEZ Responsable de Automatización |
||